Securing Japan : Tokyo's grand strategy and the future of East Asia

This book analyzes Japan's evolving security strategy after the Cold War, highlighting the balance between pacifism, regional engagement, and alliance with the United States, and its implications for East Asian stability.

Gorde:
Xehetasun bibliografikoak
Egile nagusia: Samuels, Richard J.
Formatua: Liburua
Hizkuntza:Vietnamese
Argitaratua: New York Cornell University Press 2007
Saila:Cornell Studies in Security Affairs
Gaiak:
Etiketak: Etiketa erantsi
Etiketarik gabe, Izan zaitez lehena erregistro honi etiketa jartzen!
Thư viện lưu trữ: Thư viện Trường Đại học Nam Cần Thơ
LEADER 01086nam a22002177a 4500
001 NCT_4_026692
008 251004b xxu||||| |||| 00| 0 vie d
999 |c 9322  |d 9322 
020 |a 9780801474903  |c $25.75  
082 0 4 |2 23rd ed.  |a 355.033052  |b S187 
100 1 |a Samuels, Richard J.  
245 1 0 |a Securing Japan :  |b Tokyo's grand strategy and the future of East Asia  |c Richard J. Samuels 
260 |a New York  |b Cornell University Press  |c 2007 
300 |a xv, 277 p.  |b ill.  |c 24 cm 
490 0 |a Cornell Studies in Security Affairs 
504 |a Includes bibliographical references and index 
520 3 |a This book analyzes Japan's evolving security strategy after the Cold War, highlighting the balance between pacifism, regional engagement, and alliance with the United States, and its implications for East Asian stability. 
653 |a Tham khảo 
942 |2 ddc  |c BK 
952 |0 0  |1 0  |2 ddc  |4 0  |6 355_033052000000000_S187  |7 0  |9 31456  |a 000001  |b 000001  |d 2025-10-08  |o 355.033052 S187  |p TK.05725  |r 2025-10-08  |v 25.75  |w 2025-10-08  |y BK 
980 |a Thư viện Trường Đại học Nam Cần Thơ